Hal citrommal [illusztráció] /
Elmentve itt :
| Szerző: | |
|---|---|
| Dokumentumtípus: | Cikk |
| Megjelent: |
2018
|
| Sorozat: | Tiszatáj
72 No. 4 |
| Kulcsszavak: | Képzőművészet - magyar - festészet |
| Online Access: | http://tiszataj.bibl.u-szeged.hu/24639 |
| LEADER | 00589nab a2200181 i 4500 | ||
|---|---|---|---|
| 001 | tisza24639 | ||
| 005 | 20200331100311.0 | ||
| 008 | 190408s2018 hu o 0|| hun d | ||
| 022 | |a 0133-1167 | ||
| 040 | |a SZTE Tiszatáj Archívum |b hun | ||
| 041 | |a hun | ||
| 100 | 1 | |a Sághy Miklós | |
| 245 | 1 | 0 | |a Hal citrommal |h [elektronikus dokumentum] : |b [illusztráció] / |c Sághy Miklós |
| 260 | |c 2018 | ||
| 300 | |a 118 | ||
| 490 | 0 | |a Tiszatáj |v 72 No. 4 | |
| 695 | |a Képzőművészet - magyar - festészet | ||
| 856 | 4 | 0 | |u http://tiszataj.bibl.u-szeged.hu/24639/1/tiszataj_2018_004_118.pdf |z Dokumentum-elérés |